000 00860nac a22002777a 4500
001 BR0704854
003 BR-BrBNA
005 20240105123445.0
008 230509b bl.|||m| |||| 00| 0 por d
040 _aBR-BrBNA
_bpor
_cBiblioteca Nacional de Agricultura
072 _aF01
090 _a1240 BR0704854
100 1 _aBittencourt, P.V.C.
110 1 _aInstituto Agronômico, Campinas, SP (Brasil)
245 1 _aInstruções para a cultura da nogueira-pecã
260 3 _aCampinas, SP (Brasil):
_c1957.
300 _a9 p.
490 _aBoletim - Instituto Agronômico (Brazil)
_vno. 95
_x
500 _aDocumento microfilmado e tratado BR7326227
650 _aNOZ PECÃ
650 _aPRODUÇÃO VEGETAL
650 _aFERTILIDADE DO SOLO
650 _aDEFESA VEGETAL
909 _a202312
_bLúcia Elande
_c55
_dLúcia Elande
942 _2AGRIS
_n0
_cMS
999 _c295537
_d295537